Bài tập ngữ pháp tiếng Anh Elemenary/Intermediate ESL,Grammar exercises; part one

Gardado en:
Detalles Bibliográficos
Autor Principal: Arthur A Burrows
Formato: Libro
Idioma:Undetermined
Publicado: Tp. HCM Nxb. Tp. HCM 2000
Những chủ đề:
Các nhãn: Engadir etiqueta
Sen Etiquetas, Sexa o primeiro en etiquetar este rexistro!
Thư viện lưu trữ: Trung tâm Học liệu Trường Đại học Cần Thơ
LEADER 00569nam a2200181Ia 4500
001 CTU_38397
008 210402s9999 xx 000 0 und d
082 |a 425.076 
082 |b B972 
100 |a Arthur A Burrows 
245 0 |a Bài tập ngữ pháp tiếng Anh 
245 0 |b Elemenary/Intermediate ESL,Grammar exercises; part one 
245 0 |c Arthur A Burrows,Lê Huy Lâm 
260 |a Tp. HCM 
260 |b Nxb. Tp. HCM 
260 |c 2000 
650 |a english language - problems, exercises 
980 |a Trung tâm Học liệu Trường Đại học Cần Thơ